[Event "V Sunway Sitges Open 2018"]
[Site "Sitges"]
[Date "2018.12.21"]
[Round "8"]
[White "Gordievsky, Dmitry"]
[Black "Praggnanandhaa, R."]
[Result "1/2-1/2"]
[WhiteElo "2614"]
[BlackElo "2530"]
[Annotator "TA"]
[PlyCount "90"]
[EventDate "2018.12.14"]
[EventType "swiss"]
[EventCountry "ESP"]
[SourceTitle "playchess.com"]
[Source "ChessBase"]
[SourceQuality "1"]

{[%evp 23,90,8,25,12,37,24,69,54,68,59,47,42,57,43,57,32,52,22,24,8,8,8,7,16,36,13,3,20,16,0,0,-87,-87,-86,-87,-87,-87,-66,-67,-41,-33,-178,0,0,0,0,0,0,0,0,0,0,0,0,-8,-29,-13,-13,-13,-13,-13,-28,-13,-15,0,0,0,0,0]} 1. Nf3 Nf6 2. c4 e6 3. b3 d5 4. Bb2 c5 5. e3 Nc6 6. cxd5 exd5 7. Be2 Bd6 8. d4 cxd4 9. Nxd4 O-O 10. O-O Re8 {A13: English Opening: 1...e6} 11. Nd2 a6 12. Rc1 Bd7 {LiveBook: 4 Games} 13. Qc2 $146 ({Predecessor:} 13. N2f3 Ne4 14. a3 Qf6 15. Rc2 Qh6 {½-½ (35) Lauber,A (2478)-Savchenko,V (2437) Dortmund 2011}) 13... Ne4 14. Nxc6 bxc6 15. Nxe4 Rxe4 16. Bd3 Rh4 $1 17. g3 {Threatens to win with Bf5.} Rh6 18. e4 Qg5 19. f4 Qh5 {White should prevent ...Bc5+!} 20. Rf2 dxe4 21. Bxe4 {Threatening Qd3.} Re8 $1 22. Bf3 Bg4 23. Qxc6 Rhe6 $1 {[%cal Re6e1] And now ...Re1+ would win.} 24. Qc3 {[%csl Gb2][%cal Rc3g7]} Bf8 $1 25. Bxg4 Qxg4 26. Kg2 Re3 27. Qd4 (27. Qc6 $11 {keeps the balance.}) 27... h5 $1 $17 {[%cal Rh5h4][%mdl 1024] Strongly threatening ...h4. Black has strong compensation.} 28. Rc3 {[#]} R3e4 $1 {[%cal Re4d4]} 29. Qd5 Re2 {( -> ...Rxf2+)} 30. Rcf3 h4 31. Be5 Rxf2+ 32. Rxf2 {[#]} (32. Kxf2 $15 Bb4 33. Kg1) 32... Rc8 $2 (32... h3+ $1 $19 33. Kf1 Qc8) 33. Rd2 $36 {[%mdl 2048] White has the initiative.} Bb4 34. Qd7 $1 {[%cal Rd7g4]} h3+ 35. Kf2 Qxd7 36. Rxd7 {[%mdl 4096] Endgame KRB-KRB} Rc2+ {[%mdl 64] Double Attack} 37. Kf3 Rxh2 38. Kg4 f6 39. Bd4 (39. Bb8 {with more complications.} f5+ 40. Kh4 Bc3 41. Be5 Bxe5 42. fxe5 Rxa2 43. Kxh3 Re2 44. Re7) 39... Rxa2 {aiming for ...h2.} 40. Kxh3 Ra3 41. Rd8+ Kh7 42. Rd7 Kh6 43. Rb7 {The position is equal.} a5 44. Bb6 a4 45. bxa4 Rxa4 {Accuracy: White = 74%, Black = 73%.} 1/2-1/2

[Event "V Sunway Sitges Open 2018"]
[Site "Sitges"]
[Date "2018.12.21"]
[Round "8"]
[White "Liang, Awonder"]
[Black "Garriga Cazorla, Pere"]
[Result "1-0"]
[WhiteElo "2589"]
[BlackElo "2448"]
[Annotator "TA"]
[PlyCount "75"]
[EventDate "2018.12.14"]
[EventType "swiss"]
[EventCountry "ESP"]
[SourceTitle "playchess.com"]
[Source "ChessBase"]
[SourceQuality "1"]

{[%evp 16,75,24,14,9,15,20,16,35,21,20,13,47,14,20,17,18,17,18,20,20,22,18,22,25,20,25,15,40,11,32,26,45,33,85,72,72,88,84,91,98,94,118,120,424,422,420,410,1425,1400,1381,1184,1355,1222,7192,6839,29977,29977,29981,29982,29982,29982]} 1. e4 c5 2. Nf3 d6 3. Bb5+ Nd7 4. Ba4 (4. O-O a6 5. Bd3 Ngf6 6. Re1 e6 7. a4 b6 8. b3 Bb7 9. Bb2 Be7 10. Na3 O-O 11. e5 Ne8 12. Nc4 d5 {½-½ (31) Amin,B (2709)-Saric,I (2692) Zagreb 2018}) 4... Ngf6 {[%cal Bg8f6,Bf6e8,Be8c7,Bc7e6][%mdl 32]} 5. O-O a6 6. c4 {B51: Sicilian: Moscow Variation (3 Bb5+) without 3...Bd7} g6 7. Nc3 Bg7 8. d3 O-O 9. h3 {LiveBook: 12 Games} Ne8 10. Be3 $146 ({Predecessor:} 10. Rb1 Nc7 11. Be3 Rb8 12. Bxd7 Bxd7 13. Qd2 b5 {0-1 (64) Ponkratov,P (2360)-Wojtaszek,R (2461) Chalkidiki 2003}) 10... Nc7 11. d4 Ne6 12. Qd2 cxd4 13. Nxd4 Ne5 14. Bb3 Nc6 {[%cal Re6d4]} 15. Nxe6 Bxe6 16. Nd5 Bxd5 17. cxd5 Na5 18. Rfc1 Nxb3 19. axb3 Qd7 20. Rc4 Rfc8 21. Rac1 Rxc4 22. Rxc4 Rc8 23. Qc2 $36 {[%mdl 2048] White is pushing.} Rxc4 24. bxc4 Qc7 (24... e6 $14) 25. b4 $1 $16 {[%cal Bb2b4,Bb4c5][%mdl 32]} h5 26. c5 $1 dxc5 27. bxc5 ({Of course not} 27. Qxc5 $6 Qe5 $11) 27... Qa5 28. g3 {[%cal Bg2g3,Bg3f4][%mdl 32]} Be5 29. Qb3 Qb5 $2 {[%mdl 8192]} (29... h4 $16 {is tougher.}) 30. Qxb5 $18 axb5 31. Bf4 $1 Bxf4 (31... Bd4 $142 32. c6 bxc6) 32. gxf4 {[%mdl 4096] Endgame KP-KP} Kf8 {[#]} 33. Kf1 $1 {[%cal Rf1e1]} f6 34. Ke2 e5 35. fxe5 fxe5 36. Kd2 {White mates.} g5 37. Kc3 h4 {[#]} 38. f3 $1 {Accuracy: White = 88%, Black = 40%.} 1-0

[Event "V Sunway Sitges Open 2018"]
[Site "Sitges"]
[Date "2018.12.21"]
[Round "8"]
[White "Xu, Xiangyu"]
[Black "Garcia Ramos, Daniel"]
[Result "1-0"]
[WhiteElo "2565"]
[BlackElo "2304"]
[Annotator "TA"]
[PlyCount "73"]
[EventDate "2018.12.14"]
[EventType "swiss"]
[EventCountry "ESP"]
[SourceTitle "playchess.com"]
[Source "ChessBase"]
[SourceQuality "1"]

{[%evp 16,73,33,27,51,12,21,18,30,25,106,92,120,112,101,109,117,87,99,100,108,103,101,95,195,198,227,226,306,168,219,225,225,228,227,227,226,226,320,230,480,471,463,473,514,493,510,487,537,521,693,679,679,679,795,779,740,692,1595,1438]} 1. d4 Nf6 2. c4 e6 3. g3 c5 4. Nf3 cxd4 5. Nxd4 Qc7 6. Nc3 a6 7. Qd3 Nc6 8. Nxc6 Qxc6 9. e4 {LiveBook: 33 Games. A32: Symmetrical English: 2 Nf3 Nf6 3 d4 cxd4 4 Nxd4 e6} Bb4 (9... b6 10. Bg2 Bb7 11. b3 b5 12. cxb5 axb5 13. Nxb5 Ba6 14. a4 Bb4+ 15. Kf1 e5 16. Bb2 O-O {½-½ (42) Stefansson,H (2583)-Gharamian,T (2554) Differdange 2008}) 10. Bd2 {[%cal Bc1d2,Bd2b4,Bb4a3][%mdl 32]} b6 11. Bg2 {The position is equal.} Bb7 12. O-O Rc8 $146 (12... O-O $11) ({Predecessor:} 12... O-O 13. Rfe1 Rfe8 14. Rac1 Be7 15. h3 {1-0 (50) Baquero,L (2355)-Vucic,M (2340) USA 1990}) 13. Nd5 $1 $16 exd5 14. Bxb4 dxe4 15. Qd4 Qxc4 16. Qxb6 ({Inferior is} 16. Qd6 Qe6 $15) 16... Bc6 {...Nd5 is the strong threat.} 17. Ba3 {[%mdl 1024] White has strong compensation.} Nd5 18. Qa5 $1 {Hoping for Bxe4!} Qb5 19. Qd2 $1 $40 {[%mdl 128] Black is in trouble.} Ne7 (19... f5 $16) 20. Rae1 $1 $18 Qe5 {[#]} 21. f4 $1 {[%cal Rf4e5]} Qf5 {[#] intending ...d5.} 22. Qb4 (22. Bxe4 $142 $1 {[%mdl 512]} Bxe4 23. Qb4) 22... d6 (22... Qf6 {was worth a try.} 23. Bxe4 O-O 24. Qxe7 Qd4+ 25. Kh1 Rfe8 26. Qxe8+ {[%mdl 64] Deflection} Rxe8 27. Bxc6 {[%mdl 64] Discovered Attack} Rxe1 28. Rxe1 g5) 23. Qxd6 {[%csl Ga3][%cal Rd6e7]} Qe6 {[#]} 24. Bxe4 $1 {[%mdl 512]} Bxe4 25. Qxe6 fxe6 26. Rxe4 Rc6 (26... Kf7 $142 27. f5 e5 28. Rxe5 Nc6) 27. Rfe1 Nf5 $2 (27... Kf7 {was called for.} 28. Bxe7 Kxe7) 28. g4 {White is clearly winning.} Nh4 {White should prevent ...Nf3+.} 29. Rxe6+ Rxe6 30. Rxe6+ {[%mdl 4096] Endgame KRB-KRN} Kf7 31. Rxa6 Rc8 32. Kf2 Rc2+ 33. Kg3 Ng2 34. Ra7+ Kg8 35. Ra8+ Kf7 36. f5 {[%csl Ga3][%cal Ra8f8]} g5 37. Ra7+ {Accuracy: White = 84%, Black = 28%.} 1-0

[Event "V Sunway Sitges Open 2018"]
[Site "Sitges"]
[Date "2018.12.21"]
[Round "8"]
[White "Kadric, Denis"]
[Black "Sadhwani, Raunak"]
[Result "1-0"]
[WhiteElo "2554"]
[BlackElo "2434"]
[Annotator "ChessBase"]
[PlyCount "71"]
[EventDate "2018.12.14"]
[EventType "swiss"]
[EventCountry "ESP"]
[SourceTitle "playchess.com"]
[Source "ChessBase"]
[SourceQuality "1"]
[TimeControl "40/5400+30:1800+30"]

1. e4 {[%emt 0:00:00]} c5 {[%emt 0:00:00]} 2. Nc3 {[%emt 0:00:15]} d6 {[%emt 0:00:00]} 3. Nge2 {[%emt 0:01:31]} Nf6 {[%emt 0:00:03]} 4. g3 {[%emt 0:00:31]} Nc6 {[%emt 0:02:58]} 5. Bg2 {[%emt 0:00:02]} g6 {[%emt 0:00:05]} 6. O-O {[%emt 0:00:04]} Bg7 {[%emt 0:00:03]} 7. d3 {[%emt 0:00:02]} O-O {[%emt 0:00:11]} 8. h3 {[%emt 0:00:14]} Rb8 {[%emt 0:02:37]} 9. f4 {[%emt 0:00:05]} Bd7 {[%emt 0:00:49]} 10. g4 {[%emt 0:01:14]} b5 {[%emt 0:01:22]} 11. Ng3 {[%emt 0:00:03]} b4 {[%emt 0:03:42]} 12. Nce2 {[%emt 0:00:03]} Ne8 {[%emt 0:05:48]} 13. g5 {[%emt 0:00:50]} Qb6 {[%emt 0:10:14]} 14. Kh1 {[%emt 0:05:02]} c4 {[%emt 0:06:50]} 15. f5 a5 {[%emt 0:05:43]} 16. Rb1 {[%emt 0:08:10]} b3 {[%emt 0:13:32]} 17. axb3 {[%emt 0:01:01]} cxb3 {[%emt 0:08:01]} 18. c3 {[%emt 0:00:59]} a4 {[%emt 0:02:45]} 19. Nf4 {[%emt 0:02:23]} Nc7 {[%emt 0:03:28]} 20. f6 {[%emt 0:07:43]} exf6 {[%emt 0:02:09]} 21. gxf6 {[%emt 0:00:03]} Bh8 {[%emt 0:01:09]} 22. Nd5 {[%emt 0:00:30]} Nxd5 {[%emt 0:02:38]} 23. exd5 {[%emt 0:00:03]} Ne5 {[%emt 0:00:07]} 24. Qd2 {[%emt 0:09:38]} Rfe8 {[%emt 0:03:46]} 25. d4 {[%emt 0:01:34]} Nc4 {[%emt 0:05:04]} 26. Qh6 {[%emt 0:00:04]} a3 {[%emt 0:12:04]} 27. Bg5 {[%emt 0:00:05]} a2 {[%emt 0:02:07]} 28. Ra1 {[%emt 0:00:28]} Bg4 {[%emt 0:04:06]} 29. Rf2 {[%emt 0:08:55]} Nxb2 {[%emt 0:01:47]} 30. Rxb2 {[%emt 0:00:39]} Qa5 {[%emt 0:00:11]} 31. Bd2 {[%emt 0:08:21]} Qa3 {[%emt 0:00:10]} 32. Bc1 {[%emt 0:00:03]} Re1+ {[%emt 0:00:52]} 33. Kh2 {[%emt 0:00:02]} Qxb2 {[%emt 0:01:24]} 34. Bxb2 {[%emt 0:00:04]} Rxa1 {[%emt 0:00:04]} 35. Ne4 {[%emt 0:00:40]} g5 {[%emt 0:01:08]} 36. hxg4 {[%emt 0:00:26]} 1-0

[Event "V Sunway Sitges Open 2018"]
[Site "Sitges"]
[Date "2018.12.21"]
[Round "8"]
[White "Halkias, Stelios"]
[Black "Inarkiev, Ernesto"]
[Result "0-1"]
[WhiteElo "2552"]
[BlackElo "2693"]
[Annotator "TA"]
[PlyCount "58"]
[EventDate "2018.12.14"]
[EventType "swiss"]
[EventCountry "ESP"]
[SourceTitle "playchess.com"]
[Source "ChessBase"]
[SourceQuality "1"]

{[%evp 15,58,7,22,-10,-8,-12,-8,-15,12,0,0,0,0,-26,-13,-29,-34,-36,-33,-37,-14,-86,-89,-114,-92,-129,-124,-140,-164,-161,-150,-467,-495,-552,-552,-552,-552,-1172,-892,-841,-795,-872,-783,-29994,-110]} 1. Nf3 d5 2. d4 Nf6 3. c4 c6 4. g3 Bf5 5. Nc3 e6 6. Nh4 {D11: Slav Defence: 3 Nf3 sidelines and 3...Nf6 4 e3 Bg4} dxc4 7. Nxf5 exf5 8. e3 Nbd7 {LiveBook: 11 Games} 9. Qf3 $146 ({Predecessor:} 9. Bxc4 Nb6 10. Bb3 h5 11. Qd3 Qd7 12. Bd2 h4 {½-½ (31) Mamedyarov,S (2764)-Tomashevsky,E (2701) Baku 2014}) 9... g6 10. Bxc4 Nb6 11. Bb3 Bd6 12. h3 h5 {[%cal Bh7h5,Bh5h4][%mdl 32]} 13. Bd2 Qe7 14. Kf1 Ne4 15. Nxe4 (15. Rd1 {with more complications.} Nd7 16. d5 c5 17. Nb5 Ne5 18. Qe2) 15... fxe4 16. Qe2 h4 17. g4 $1 O-O-O 18. Rc1 (18. a4 $11 {keeps the balance.}) 18... Kb8 $17 19. Ba5 f5 20. Bxb6 axb6 21. Ke1 Rhf8 22. gxf5 Rxf5 ({Much less strong is} 22... gxf5 23. Kd2 $17) 23. Qg4 $2 {[#]} (23. Kd2 $17) 23... c5 $19 24. dxc5 Bxc5 25. Rc2 Qd6 26. Bc4 Bb4+ ({Weaker is} 26... Rf3 27. Be2 $17) 27. Ke2 b5 28. Qxe4 bxc4 29. Qxc4 {[#]} Rxf2+ $1 {[%mdl 512] Accuracy: White = 21%, Black = 70%.} 0-1

[Event "V Sunway Sitges Open 2018"]
[Site "Sitges"]
[Date "2018.12.21"]
[Round "8"]
[White "Kelires, Andreas"]
[Black "Medarde Santiago, Luis Marcos"]
[Result "1/2-1/2"]
[WhiteElo "2535"]
[BlackElo "2386"]
[Annotator "ChessBase"]
[PlyCount "104"]
[EventDate "2018.12.14"]
[EventType "swiss"]
[EventCountry "ESP"]
[SourceTitle "playchess.com"]
[Source "ChessBase"]
[SourceQuality "1"]
[TimeControl "40/5400+30:1800+30"]

1. d4 {[%emt 0:00:00]} Nf6 {[%emt 0:00:01]} 2. Nc3 {[%emt 0:00:00]} d5 {[%emt 0:00:38]} 3. Bf4 {[%emt 0:00:00]} c5 {[%emt 0:00:08]} 4. e3 {[%emt 0:00:03]} cxd4 {[%emt 0:00:14]} 5. exd4 {[%emt 0:01:31]} a6 {[%emt 0:00:08]} 6. Nf3 {[%emt 0:00:07]} Nc6 {[%emt 0:00:25]} 7. Ne5 {[%emt 0:01:58]} Bd7 {[%emt 0:00:06]} 8. a3 {[%emt 0:09:26]} e6 {[%emt 0:05:11]} 9. Be2 {[%emt 0:07:10]} Qb6 {[%emt 0:01:04]} 10. Nxd7 {[%emt 0:04:31]} Nxd7 {[%emt 0:00:59]} 11. Be3 {[%emt 0:00:24]} g6 {[%emt 0:16:35]} 12. Na4 {[%emt 0:20:53]} Qc7 {[%emt 0:00:51]} 13. b4 {[%emt 0:10:33]} Bg7 {[%emt 0:01:35]} 14. O-O {[%emt 0:03:03]} O-O {[%emt 0:01:23]} 15. c3 {[%emt 0:00:35]} Nb6 {[%emt 0:16:04]} 16. Nc5 {[%emt 0:03:26]} Ne7 {[%emt 0:01:06]} 17. a4 {[%emt 0:08:30]} a5 {[%emt 0:06:04]} 18. bxa5 {[%emt 0:01:04]} Rxa5 {[%emt 0:00:14]} 19. Qb3 {[%emt 0:02:08]} Ra7 {[%emt 0:03:23]} 20. Bg5 {[%emt 0:05:20]} Nc6 {[%emt 0:02:45]} 21. Rab1 {[%emt 0:09:07]} Nd7 {[%emt 0:01:49]} 22. Nxd7 {[%emt 0:00:15]} Qxd7 {[%emt 0:00:07]} 23. Bb5 {[%emt 0:00:12]} Qc7 {[%emt 0:01:23]} 24. Rfc1 {[%emt 0:02:15]} Rc8 {[%emt 0:01:24]} 25. Qd1 {[%emt 0:00:50]} Na5 {[%emt 0:03:56]} 26. Qf3 {[%emt 0:00:54]} Nc4 {[%emt 0:01:25]} 27. Bf4 {[%emt 0:01:53]} Qd8 {[%emt 0:03:04]} 28. Qg3 {[%emt 0:03:34]} Na3 {[%emt 0:02:26]} 29. Rb3 {[%emt 0:00:12]} Nxb5 {[%emt 0:01:26]} 30. Rxb5 {[%emt 0:00:13]} Rxa4 {[%emt 0:04:32]} 31. Rxb7 {[%emt 0:03:07]} Rac4 {[%emt 0:00:27]} 32. Rbb1 {[%emt 0:01:11]} Qa5 {[%emt 0:01:23]} 33. h4 {[%emt 0:01:07]} h5 {[%emt 0:08:01]} 34. Ra1 {[%emt 0:00:13]} Qb5 {[%emt 0:01:38]} 35. Rcb1 {[%emt 0:00:25]} Qc6 {[%emt 0:02:28]} 36. Bd2 {[%emt 0:00:03]} Ra4 {[%emt 0:00:44]} 37. Qf4 {[%emt 0:00:54]} Rxa1 {[%emt 0:00:44]} 38. Rxa1 {[%emt 0:00:03]} Qb7 {[%emt 0:00:34]} 39. g3 {[%emt 0:00:53]} Ra8 {[%emt 0:00:31]} 40. Rxa8+ {[%emt 0:00:00]} Qxa8 {[%emt 0:00:00]} 41. Qc7 {[%emt 0:01:15]} Qa1+ {[%emt 0:03:28]} 42. Kg2 {[%emt 0:02:07]} Qb1 {[%emt 0:00:14]} 43. Qd8+ {[%emt 0:02:25]} Kh7 {[%emt 0:00:14]} 44. Be3 {[%emt 0:02:09]} Qe4+ {[%emt 0:00:37]} 45. Kg1 {[%emt 0:00:09]} Qb1+ {[%emt 0:00:23]} 46. Kh2 {[%emt 0:00:05]} Qf5 {[%emt 0:00:05]} 47. Qe8 {[%emt 0:00:19]} Bh6 {[%emt 0:04:21]} 48. Bxh6 {[%emt 0:00:38]} Qxf2+ {[%emt 0:00:05]} 49. Kh1 {[%emt 0:01:03]} Qf1+ {[%emt 0:00:12]} 50. Kh2 {[%emt 0:00:05]} Qf2+ {[%emt 0:00:04]} 51. Kh1 {[%emt 0:00:03]} Qf1+ {[%emt 0:00:03]} 52. Kh2 {[%emt 0:00:08]} Qf2+ {[%emt 0:00:04]} 1/2-1/2

[Event "V Sunway Sitges Open 2018"]
[Site "Sitges"]
[Date "2018.12.21"]
[Round "8"]
[White "Alonso Rosell, Alvar"]
[Black "Harutyunian, Tigran K."]
[Result "1/2-1/2"]
[WhiteElo "2524"]
[BlackElo "2528"]
[Annotator "ChessBase"]
[PlyCount "33"]
[EventDate "2018.12.14"]
[EventType "swiss"]
[EventCountry "ESP"]
[SourceTitle "playchess.com"]
[Source "ChessBase"]
[SourceQuality "1"]
[TimeControl "40/5400+30:1800+30"]

1. d4 Nf6 {[%emt 0:00:18]} 2. Nf3 {[%emt 0:00:00]} d5 {[%emt 0:00:29]} 3. c4 {[%emt 0:00:00]} e6 {[%emt 0:00:10]} 4. Nc3 {[%emt 0:00:00]} Bb4 {[%emt 0:00:25]} 5. Qa4+ {[%emt 0:00:00]} Nc6 {[%emt 0:00:16]} 6. e3 {[%emt 0:00:00]} O-O {[%emt 0:00:54]} 7. Bd2 dxc4 {[%emt 0:05:12]} 8. Bxc4 {[%emt 0:00:00]} Bd6 9. Qc2 {[%emt 0:00:14]} a6 {[%emt 0:00:40]} 10. Ne4 {[%emt 0:25:39]} Bd7 11. Nxf6+ {[%emt 0:00:04]} Qxf6 {[%emt 0:11:02]} 12. Bd3 {[%emt 0:03:02]} h6 {[%emt 0:18:14]} 13. O-O {[%emt 0:02:23]} e5 {[%emt 0:09:33]} 14. Bc3 {[%emt 0:00:41]} exd4 {[%emt 0:00:53]} 15. Nxd4 {[%emt 0:13:00]} Be5 {[%emt 0:04:18]} 16. Be4 {[%emt 0:04:36]} Rfe8 17. Bxc6 1/2-1/2

[Event "V Sunway Sitges Open 2018"]
[Site "Sitges"]
[Date "2018.12.21"]
[Round "8"]
[White "Santos Ruiz, Miguel"]
[Black "Adly, Ahmed"]
[Result "1/2-1/2"]
[WhiteElo "2523"]
[BlackElo "2626"]
[Annotator "TA"]
[PlyCount "34"]
[EventDate "2018.12.14"]
[EventType "swiss"]
[EventCountry "ESP"]
[SourceTitle "playchess.com"]
[Source "ChessBase"]
[SourceQuality "1"]

{[%evp 12,34,44,41,50,54,50,57,58,30,38,18,18,16,50,41,54,52,50,44,37,39,49,39,64]} 1. e4 c6 2. d4 d5 3. exd5 cxd5 4. Bd3 Nc6 5. c3 g6 6. Nf3 {[%cal Bg1f3,Bf3e1,Be1d3][%mdl 32]} Bg7 7. O-O {LiveBook: 78 Games} Bf5 {B13: Caro-Kann: Exchange Variation and Panov-Botvinnik Attack} (7... Nf6 8. Re1 O-O 9. Bg5 Bf5 10. Bxf5 gxf5 11. Bxf6 Bxf6 12. Nbd2 e6 13. Nb3 Kh8 14. Nc5 Qc7 15. Qd2 Rg8 16. Nd3 Rg4 17. g3 Rag8 18. Kh1 Re4 19. Nc5 Rxe1+ 20. Rxe1 {1-0 (46) Kramnik,V (2809)-Hou,Y (2651) Medias 2016}) 8. Bxf5 gxf5 9. Bf4 e6 10. Ne1 $146 ({Predecessor:} 10. Nbd2 Nge7 11. Nb3 Ng6 12. Qd2 O-O 13. Bh6 Qd6 14. Rfe1 Rae8 15. h4 {½-½ (67) Dek,L (2179)-L'Ami,E (2598) Hilversum 2009}) 10... Nge7 11. Qh5 Ng6 12. Bh6 Bf6 13. Nd3 {White is slightly better.} Qc7 14. Nd2 O-O-O 15. a4 {[%cal Ba2a4,Ba4a5][%mdl 32]} Kb8 16. Nb3 Be7 17. a5 Ka8 1/2-1/2

[Event "V Sunway Sitges Open 2018"]
[Site "Sitges"]
[Date "2018.12.21"]
[Round "8"]
[White "Stella, Andrea"]
[Black "Seyb, Alexander"]
[Result "1-0"]
[WhiteElo "2503"]
[BlackElo "2419"]
[Annotator "ChessBase"]
[PlyCount "65"]
[EventDate "2018.12.14"]
[EventType "swiss"]
[EventCountry "ESP"]
[SourceTitle "playchess.com"]
[Source "ChessBase"]
[SourceQuality "1"]
[TimeControl "40/5400+30:1800+30"]

1. d4 {[%emt 0:03:17]} Nf6 {[%emt 0:00:00]} 2. c4 {[%emt 0:00:09]} g6 {[%emt 0:00:00]} 3. g3 {[%emt 0:00:06]} c5 {[%emt 0:00:00]} 4. Nf3 {[%emt 0:00:47]} Bg7 {[%emt 0:00:13]} 5. Bg2 {[%emt 0:02:36]} O-O {[%emt 0:00:08]} 6. Nc3 {[%emt 0:00:23]} cxd4 {[%emt 0:00:16]} 7. Nxd4 {[%emt 0:00:52]} Qc7 {[%emt 0:00:06]} 8. b3 {[%emt 0:05:42]} d5 {[%emt 0:00:07]} 9. Ndb5 {[%emt 0:09:35]} Qa5 {[%emt 0:00:07]} 10. Bd2 {[%emt 0:00:16]} dxc4 {[%emt 0:00:07]} 11. bxc4 {[%emt 0:00:07]} Qd8 {[%emt 0:00:12]} 12. O-O {[%emt 0:01:30]} a6 {[%emt 0:00:06]} 13. Na3 {[%emt 0:00:58]} Nc6 {[%emt 0:00:08]} 14. Rb1 {[%emt 0:04:47]} Qd6 {[%emt 0:00:11]} 15. Bc1 {[%emt 0:03:18]} Qxd1 {[%emt 0:13:11]} 16. Rxd1 {[%emt 0:00:40]} Rd8 {[%emt 0:00:10]} 17. Nd5 {[%emt 0:12:43]} Nxd5 {[%emt 0:04:06]} 18. cxd5 {[%emt 0:00:35]} Nd4 {[%emt 0:00:50]} 19. Kf1 {[%emt 0:01:47]} b5 {[%emt 0:13:09]} 20. Be3 {[%emt 0:09:24]} Nf5 {[%emt 0:00:06]} 21. Bb6 {[%emt 0:00:19]} Rd7 {[%emt 0:01:20]} 22. d6 {[%emt 0:02:20]} Bb7 {[%emt 0:00:28]} 23. Bxb7 {[%emt 0:00:18]} Rxb7 {[%emt 0:00:02]} 24. d7 {[%emt 0:00:09]} Rxb6 {[%emt 0:01:07]} 25. d8=Q+ {[%emt 0:01:23]} Rxd8 {[%emt 0:00:03]} 26. Rxd8+ {[%emt 0:00:08]} Bf8 {[%emt 0:00:04]} 27. Nc4 {[%emt 0:06:47]} Re6 {[%emt 0:05:20]} 28. g4 {[%emt 0:12:34]} Nh4 {[%emt 0:02:48]} 29. a4 {[%emt 0:06:21]} Re4 {[%emt 0:06:03]} 30. axb5 {[%emt 0:00:13]} axb5 {[%emt 0:00:01]} 31. Nb6 {[%emt 0:01:26]} Kg7 {[%emt 0:00:07]} 32. f3 {[%emt 0:00:47]} Re6 {[%emt 0:01:07]} 33. Rxb5 {[%emt 0:00:25]} 1-0